000 00557nam a2200205Ia 4500
005 20250923144627.0
008 008 250917s9999 xx 000 0 eng d
037 _aTextual
040 _aDSWL
_beng
_cDSWL
041 _aeng
_2eng
084 _aQ2:7, A
_qDSWL
100 _aWilson, H.H.
_9826786
245 0 _aReligious sects of the hindus
_cby H.H.Wilson
260 _aCalcutta
_b Susil Gupta Pvt. Ltd.
_c1958
300 _a221p.
365 _aINR
_b15
925 _g15
942 _cTEXL
_hQ2:7, A
999 _c1441352
_d1441352